[Event "EST-ch"]
[Site "Tallinn"]
[Date "1999.05.04"]
[Round "4"]
[White "Cheutshenko, Robert"]
[Black "Zjukin, Sergei"]
[Result "1-0"]
[WhiteElo "2357"]
[BlackElo "2398"]

1.e4 e5 2.Nf3 Nc6 3.Bb5 a6 4.Ba4 Nf6 5.O-O Be7 6.Re1 b5 7.Bb3 d6 8.c3 O-O
9.h3 Bb7 10.d4 Re8 11.Nbd2 Bf8 12.a4 h6 13.d5 Nb8 14.Qe2 c6 15.dxc6 Bxc6
16.axb5 Bxb5 17.c4 Bc6 18.Ba4 a5 19.Nb1 Nfd7 20.Nc3 Bb7 21.Be3 Nc6 22.Red1 Qb8
23.Nh4 Nc5 24.Nf5 Re6 25.Nd5 Nd4 26.Nxd4 exd4 27.Rxd4 Nxa4 28.Rxa4 Qe8 29.Qc2 Qc6
30.f3 Be7 31.Rd1 Bd8 32.Bd4 Qe8 33.Nf4 Re7 34.Ra3 Bc6 35.Qc3 f6 36.Bf2 Rb7
37.Nd5 Rab8 38.Ra2 Qe5 39.Bd4 Qg3 40.Ne3 Rb3 41.Qd2 Qg6 42.Kh1 Qf7 43.Qe2 a4
44.Nf5 Bc7 45.Ba7 R8b7 46.Nd4 Rxa7 47.Nxb3  1-0

[Event "Paris-ch"]
[Site "Paris"]
[Date "1999.07.25"]
[Round "9"]
[White "Timmermans, Ivo"]
[Black "Suarez Pousa, Diego"]
[Result "0-1"]
[WhiteElo "2213"]
[BlackElo "2315"]

1.e4 e5 2.Nf3 Nc6 3.Bb5 a6 4.Ba4 Nf6 5.O-O Be7 6.Re1 b5 7.Bb3 d6 8.c3 O-O
9.h3 Bb7 10.d4 Re8 11.Ng5 Rf8 12.Nf3 h6 13.Nbd2 Re8 14.Nf1 Bf8 15.Ng3 Na5
16.Bc2 g6 17.b3 Bg7 18.Bd2 exd4 19.cxd4 c5 20.d5 Nd7 21.Rb1 Rc8 22.Bf4 Ne5
23.Nxe5 dxe5 24.Be3 Kh7 25.Qe2 Ba8 26.f4 exf4 27.Bxf4 Bxd5 28.Rbd1 Qh4 29.Qf3 Be6
30.Nf5 Bxf5  0-1

[Event "BCF-ch 86th"]
[Site "Scarborough"]
[Date "1999.08.02"]
[Round "2"]
[White "Storey, Charles"]
[Black "Sashikiran, Krishnan"]
[Result "0-1"]
[WhiteElo "2125"]
[BlackElo "2536"]

1.e4 e5 2.Nf3 Nc6 3.Bb5 a6 4.Ba4 Nf6 5.O-O Be7 6.Re1 b5 7.Bb3 d6 8.c3 O-O
9.h3 Bb7 10.d4 Re8 11.Nbd2 Bf8 12.a4 h6 13.Bc2 exd4 14.cxd4 Nb4 15.Bb1 c5
16.d5 Nd7 17.Ra3 c4 18.Nd4 Qf6 19.N2f3 Nc5 20.axb5 axb5 21.Nxb5 Rxa3 22.bxa3 Nbd3
23.Re3 Qa1 24.Bd2 Qb2 25.Nc3 Ba6 26.Nd4 g6 27.Bxd3 cxd3 28.Nf5 Nb3 29.Nb1 Nxd2
30.Nxd2 Rc8 31.Qg4 Qxd2 32.Qh4 Qb2 33.e5 d2 34.e6 d1=Q+ 35.Kh2 gxf5 36.exf7+ Kxf7
37.g4 Rc1 38.Qh5+ Kg7  0-1

[Event "NED U20 op"]
[Site "Hengelo"]
[Date "1999.08.14"]
[Round "9"]
[White "Van Delft, Merijn"]
[Black "Solleveld, Maarten"]
[Result "1/2-1/2"]
[WhiteElo "2323"]
[BlackElo "2404"]

1.e4 e5 2.Nf3 Nc6 3.Bb5 a6 4.Ba4 Nf6 5.O-O b5 6.Bb3 Be7 7.Re1 O-O 8.c3 d6
9.h3 Bb7 10.d4 Re8 11.Ng5 Rf8 12.Nf3 Re8 13.Nbd2 Bf8 14.d5 Nb8 15.Nf1 Nbd7
16.N3h2 Nc5 17.Bc2 c6 18.dxc6 Bxc6 19.Bg5 Be7 20.Bxf6 Bxf6 21.Ng4 Bg5 22.b4 Ne6
23.Qf3 a5 24.a3 Ra7 25.Bb3 Qa8 26.Rad1 Be7 27.Ng3 axb4 28.axb4 Ra3 29.Bd5 Nf4
30.Bxc6 Qxc6 31.Re3 h5 32.Nh2 g6 33.Ne2 Qc4 34.Nxf4 exf4 35.Qxf4 Rxc3 36.Rxc3 Qxc3
37.Qd2 Qc4 38.f3 d5 39.Qxd5 Bxb4 40.Qxc4 bxc4 41.Rc1 c3 42.Rc2 Kg7 43.Kf2 f5
44.Ke3 Kf6 45.Nf1 Rd8 46.exf5 gxf5 47.f4 h4 48.Ke2 Rd4 49.Ne3 Ke6 50.Kf3 Rd3
51.Ke2 Rd4 52.Kf3 Re4 53.Rc1 Rd4  1/2-1/2

[Event "EU-ch U14"]
[Site "Litohoto"]
[Date "1999.09.09"]
[Round "7"]
[White "Mamedov, Nidjat"]
[Black "Kharitonov, Alexander"]
[Result "1-0"]
[WhiteElo "2298"]
[BlackElo "2270"]

1.e4 e5 2.Nf3 Nc6 3.Bb5 a6 4.Ba4 Nf6 5.O-O Be7 6.Re1 b5 7.Bb3 d6 8.c3 O-O
9.h3 Bb7 10.d3 Na5 11.Bc2 c5 12.Nbd2 Re8 13.Nf1 Bf8 14.Ng3 d5 15.Qe2 g6 16.Bg5 Bg7
17.Rad1 h6 18.Bc1 Nc6 19.Nh2 Qd6 20.Ng4 Nxg4 21.Qxg4 h5 22.Qf3 d4 23.Bb3 Rf8
24.Bd5 Rad8 25.Ne2 Na5 26.Bg5 Rd7 27.Bxb7 Nxb7 28.Qg3 Nd8 29.cxd4 cxd4 30.Bd2 f5
31.exf5 Rxf5 32.Qh4 Rdf7 33.Ng3 Rf4 34.Bxf4 Rxf4 35.Ne4 Qf8 36.Qg3 Kh7 37.f3 Ne6
38.Rc1 Bf6 39.Nxf6+ Qxf6 40.Rc6 Rf5 41.Re4 Rg5 42.Rxe6  1-0

[Event "Donne Haas mem"]
[Site "Bonnevoie"]
[Date "1999.09.23"]
[Round "6"]
[White "Jansa, Vlastimil"]
[Black "Sonntag, Hans Hubert"]
[Result "1/2-1/2"]
[WhiteElo "2442"]
[BlackElo "2362"]

1.e4 e5 2.Nf3 Nc6 3.Bb5 a6 4.Ba4 Nf6 5.O-O Be7 6.Re1 b5 7.Bb3 d6 8.c3 O-O
9.h3 Bb7 10.d4 Re8 11.Ng5 Rf8 12.Nf3 Re8 13.Nbd2 Bf8 14.d5 Nb8 15.Nf1 Nbd7
16.Ng3 g6 17.a3 Nc5 18.Bc2 c6 19.b4 Ncd7 20.dxc6 Bxc6 21.Bb3 Nb6 22.Nh2 Bd7
23.Bg5 h6 24.Bxf6 Qxf6 25.Ng4 Qg5 26.Qf3 Re7 27.Nf6+ Kg7 28.Nxd7 Rxd7 29.a4 bxa4
30.Bxa4 Rc7 31.Bb3 Qd8 32.Ra5 Nc4 33.Bxc4 Rxc4 34.Rea1 Qc8 35.R1a3 Be7 36.Rd5 Rb8
37.Qd3 Rb6 38.Ne2 Rbc6 39.Ra1 Rb6 40.Kh2 h5 41.Rf1 Rb5 42.Rxb5 axb5 43.Ra1 Qc6
44.Qd5 Qxd5 45.exd5 Re4 46.Ra2 Bf6 47.Kg1 Rc4 48.Ra6 e4 49.Rc6 Kf8 50.Rxc4 bxc4
51.Kf1 Ke7 52.Ke1 Kd7 53.Kd2 Bg5+ 54.Kc2 Kc7 55.Nd4 Kb6 56.Nc6 Bh4 57.g3 e3
58.fxe3 Bxg3 59.Kd2 Bh4 60.Na5 Kb5 61.Nb7 Be7 62.e4 Kb6 63.Na5 Kb5 64.Ke2 Bf6
65.Kd2 Be7 66.Nb7 Kb6 67.Na5  1/2-1/2

[Event "Paks 09 IM"]
[Site "Paks"]
[Date "1999.09.27"]
[Round "7"]
[White "Farkas, Tibor"]
[Black "Krutti, Valer"]
[Result "1/2-1/2"]
[WhiteElo "2288"]
[BlackElo "2357"]

1.e4 e5 2.Nf3 Nc6 3.Bb5 a6 4.Ba4 Nf6 5.O-O Be7 6.Re1 b5 7.Bb3 d6 8.c3 O-O
9.h3 Bb7 10.d4 Re8 11.Ng5 Rf8 12.Nf3 Re8 13.Ng5 Rf8 14.Nf3 Re8 15.Nbd2 h6
16.d5 Na5 17.Bc2 c6 18.b4 Nc4 19.Nxc4 bxc4 20.dxc6 Bxc6 21.a4 Bf8 22.a5 g6
23.Be3 Qd7  1/2-1/2

[Event "Wch U20"]
[Site "Yerevan"]
[Date "1999.09.27"]
[Round "10"]
[White "Vuckovic, Bojan"]
[Black "Dervishi, Erald"]
[Result "1-0"]
[WhiteElo "2433"]
[BlackElo "2496"]

1.e4 e5 2.Nf3 Nc6 3.Bb5 a6 4.Ba4 Nf6 5.O-O Be7 6.Re1 b5 7.Bb3 d6 8.c3 O-O
9.h3 Bb7 10.d4 Re8 11.Nbd2 Bf8 12.d5 Nb8 13.Nf1 Nbd7 14.N3h2 Nc5 15.Bc2 c6
16.b4 Ncd7 17.dxc6 Bxc6 18.Ng4 Nxg4 19.hxg4 Nb6 20.Qd3 g6 21.Rd1 d5 22.Be3 Nc4
23.exd5 Nb2 24.Qe2 Nxd1 25.Rxd1 Bd7 26.Ng3 a5 27.bxa5 Rxa5 28.Bb3 Bd6 29.Ne4 Bxg4
30.Qxg4 f5 31.Nxd6 fxg4 32.Nxe8 Kf8 33.d6 Kxe8 34.d7+ Qxd7 35.Rxd7 Kxd7 36.Kh2 Ra8
37.c4 Kc6 38.cxb5+ Kxb5 39.Kg3 h5 40.Bf7 Ra6 41.Be8+  1-0

[Event "VAM Hoogeveen op"]
[Site "Hoogeveen"]
[Date "1999.10.18"]
[Round "4"]
[White "Jens, Jonitz"]
[Black "Solleveld, Maarten"]
[Result "1/2-1/2"]
[WhiteElo "2316"]
[BlackElo "2404"]

1.e4 e5 2.Nf3 Nc6 3.Bb5 a6 4.Ba4 Nf6 5.O-O Be7 6.Re1 b5 7.Bb3 d6 8.c3 O-O
9.h3 Bb7 10.d4 Re8 11.Ng5 Rf8 12.Nf3 Re8 13.a4 h6 14.Nbd2 Bf8 15.Bc2 exd4
16.cxd4 Nb4 17.Bb1 c5 18.d5 Nd7 19.Ra3 f5 20.Nh2 Nf6 21.Rf3 Re5 22.Rxf5 Rxf5
23.exf5 Bxd5 24.Ng4 Bf7 25.Ne4 Nxg4 26.Qxg4 d5 27.Rd1 Qb6 28.f6 g6 29.Ng5 hxg5
30.Qxg5 Qe6 31.Bxg6 Bxg6 32.Qxg6+ Kh8 33.Qh5+ Kg8 34.Qg6+ Kh8 35.Qh5+  1/2-1/2

[Event "Wch U14"]
[Site "Oropesa del Mar"]
[Date "1999.11.01"]
[Round "8"]
[White "Venkatesh, MR."]
[Black "Kharitonov, Alexander"]
[Result "1/2-1/2"]
[WhiteElo "2181"]
[BlackElo "2270"]

1.e4 e5 2.Nf3 Nc6 3.Bb5 a6 4.Ba4 Nf6 5.O-O Be7 6.Re1 b5 7.Bb3 d6 8.c3 O-O
9.h3 Bb7 10.d4 Re8 11.Nbd2 Bf8 12.d5 Na5 13.Bc2 c6 14.b4 Nc4 15.Nxc4 bxc4
16.Ba4 Qc7 17.Bg5 Nd7 18.Nh2 h6 19.Bh4 cxd5 20.exd5 Be7 21.Bg3 f5 22.f4 e4
23.Nf1 Bf6 24.Rc1 Re7 25.Ne3 g6 26.Bxd7 Rxd7 27.Bf2 Rf8 28.g4 Rg7 29.Kh2 Bc8
30.gxf5 Bxf5 31.Qe2 Qc8 32.Nxc4 Qd7 33.Nb6 Qe7 34.Bg3 g5 35.Nc4 Qd7 36.fxg5 Bxg5
37.Rcd1 e3 38.Nxe3 Re7 39.Qxa6 Rxe3 40.Rxe3 Bxe3 41.Re1 Re8 42.Qf1 Bg6 43.c4 Kh7
44.a3 Qa4 45.Re2 Qxa3 46.Rg2 Qxb4 47.Qf6 Qxc4 48.Be5 Bf4+ 49.Bxf4 Qd3 50.Qxd6  1/2-1/2

[Event "Chigorin mem"]
[Site "St Petersburg"]
[Date "1999.11.05"]
[Round "4"]
[White "Galkin, Alexander"]
[Black "Virovlansky, Semen"]
[Result "1/2-1/2"]
[WhiteElo "2535"]
[BlackElo "2406"]

1.e4 e5 2.Nf3 Nc6 3.Bb5 a6 4.Ba4 Nf6 5.O-O Be7 6.Re1 b5 7.Bb3 d6 8.c3 O-O
9.h3 Bb7 10.d4 Re8 11.Nbd2 Bf8 12.a3 h6 13.Bc2 Nb8 14.b3 Nbd7 15.Bb2 c6 16.Bd3 g6
17.Rc1 Bg7 18.Qc2 Rc8 19.Qb1 Nh5 20.Bf1 Qb6 21.Qa1 Re7 22.Re3 Rce8 23.Rce1 c5
24.dxc5  1/2-1/2

[Event "Chigorin mem"]
[Site "St Petersburg"]
[Date "1999.11.09"]
[Round "8"]
[White "Asrian, Karen"]
[Black "Virovlansky, Semen"]
[Result "1-0"]
[WhiteElo "2575"]
[BlackElo "2406"]

1.e4 e5 2.Nf3 Nc6 3.Bb5 a6 4.Ba4 Nf6 5.O-O Be7 6.Re1 b5 7.Bb3 d6 8.c3 O-O
9.h3 Bb7 10.d4 Re8 11.Nbd2 Bf8 12.d5 Ne7 13.Nf1 Ng6 14.a4 c6 15.dxc6 Bxc6
16.Bg5 h6 17.Bxf6 Qxf6 18.Ne3 Nf4 19.Nd5 Bxd5 20.Bxd5 Rab8 21.b4 Qg6 22.g3 Nxh3+
23.Kf1 Re7 24.axb5 axb5 25.Ra6 Rc7 26.Nxe5 Qf6 27.Nf3 Rxc3 28.Kg2 g5 29.Ra7 Be7
30.e5 dxe5 31.Kxh3 g4+ 32.Kxg4 Rd8 33.Rxe5 Qg6+ 34.Kh3 Rd3 35.Qe2 R8xd5 36.Rxd5 Rxd5
37.Qxe7  1-0

[Event "Monarch Assurance 8th"]
[Site "Port Erin"]
[Date "1999.11.11"]
[Round "6"]
[White "Kristensen, Bjarke"]
[Black "Allen, Keith"]
[Result "1/2-1/2"]
[WhiteElo "2406"]
[BlackElo "2233"]

1.e4 e5 2.Nf3 Nc6 3.Bb5 a6 4.Ba4 Nf6 5.O-O Be7 6.Re1 b5 7.Bb3 d6 8.c3 O-O
9.h3 Bb7 10.d3 Na5 11.Bc2 c5 12.Nbd2 Re8 13.Nf1 h6 14.Ng3 Bf8 15.d4 Qc7 16.d5 Nc4
17.Nf5 a5 18.b3 Nb6 19.Be3 a4 20.Qe2 Ba6 21.g4 Bc8 22.Nd2 Bd7 23.Qf3 Bxf5
24.Qxf5 axb3 25.axb3 Nfd7 26.h4 g6 27.Qf3 Rxa1 28.Rxa1 Ra8 29.Rxa8 Nxa8 30.h5 g5
31.Qf5 b4 32.c4 Qd8 33.Nf1 Nc7 34.Ng3 Ne8 35.Qf3 Ng7 36.Kg2 Be7 37.Nf5 Nxf5
38.Qxf5 Bf6 39.Bc1 Kg7 40.Bb1 Nf8 41.Bb2  1/2-1/2

[Event "Den Bosch"]
[Site "Hertogenbosch NED"]
[Date "1999.11.18"]
[Round "1"]
[White "Nijboer,F"]
[Black "Van der Sterren,P"]
[Result "1-0"]
[WhiteElo "2559"]
[BlackElo "2535"]

1.e4 e5 2.Nf3 Nc6 3.Bb5 a6 4.Ba4 Nf6 5.O-O Be7 6.Re1 b5 7.Bb3 d6 8.c3 O-O
9.h3 Bb7 10.d4 Re8 11.Nbd2 Bf8 12.a4 h6 13.Bc2 exd4 14.cxd4 Nb4 15.Bb1 bxa4
16.Rxa4 a5 17.b3 Ra6 18.Ra1 g6 19.Bb2 Bg7 20.Bc3 d5 21.e5 Nd7 22.h4 c5 23.h5 g5
24.Bf5 cxd4 25.Bxb4 axb4 26.Rxa6 Bxa6 27.Qa1 Bc8 28.Rc1 Bb7 29.Qxd4 Nxe5
30.Qxb4 Nxf3+ 31.Nxf3 Qb8 32.Ne1 d4 33.Nd3 Qa8 34.Bh3 Bd5 35.Qa4 Qb8 36.Bd7 Bxb3
37.Qc6 Rd8 38.Rb1 Qa7 39.Rxb3 Rxd7 40.Qc8+ Bf8 41.Rb8 Qa3 42.Qxd7 Qxd3 43.g3 Kg7
44.Qd8  1-0

[Event "5th Gudmundur Arason"]
[Site "Hafnarfjordur ISL"]
[Date "1999.12.14"]
[Round "3"]
[White "Aagaard,J"]
[Black "Olafsson,Thorv"]
[Result "1-0"]
[WhiteElo "2403"]
[BlackElo "2059"]

1.e4 e5 2.Nf3 Nc6 3.Bb5 a6 4.Ba4 Nf6 5.O-O Be7 6.Re1 b5 7.Bb3 d6 8.c3 O-O
9.h3 Bb7 10.d4 Re8 11.Nbd2 Bf8 12.a4 h6 13.Bc2 exd4 14.cxd4 Nb4 15.Bb1 c5
16.d5 Nd7 17.Ra3 f5 18.Nh2 Kh8 19.Rg3 f4 20.Rc3 Ne5 21.Ndf3 Qf6 22.g3 g5
23.h4 Bc8 24.Nxg5 c4 25.Qh5 Nbd3 26.Bxd3 Nxd3 27.Rxd3 cxd3 28.Qxe8 fxg3 29.fxg3 hxg5
30.Rf1 Qd4+ 31.Kh1 Bf5 32.Qxa8 Bxe4+ 33.Nf3 Qf6 34.hxg5 Bxf3+ 35.Kg1 Qf5
36.g6 Qf6 37.Qa7 Bg7 38.Qa8+ Bf8 39.Qa7 Bg7 40.Qe3  1-0

[Event "Athens op"]
[Site "Athens"]
[Date "1999.??.??"]
[Round "9"]
[White "Sax, Gyula"]
[Black "Nikolaidis, Ioannis"]
[Result "1-0"]
[WhiteElo "2524"]
[BlackElo "2510"]

1.e4 e5 2.Nf3 Nc6 3.Bb5 a6 4.Ba4 Nf6 5.O-O Be7 6.Re1 b5 7.Bb3 O-O 8.h3 d6
9.c3 Bb7 10.d4 Na5 11.Bc2 Nc4 12.b3 Nb6 13.Nbd2 Nfd7 14.Nf1 c5 15.Ne3 g6
16.a4 bxa4 17.bxa4 a5 18.Rb1 Qc7 19.Ng4 f6 20.Nh6+ Kh8 21.h4 Rfb8 22.Bb3 c4
23.Bc2 Nf8 24.h5 g5 25.Nf5 Bc8 26.Nxe7 Qxe7 27.Ba3  1-0

[Event "AUT-chT 9899"]
[Site "AUT"]
[Date "1999.??.??"]
[Round "?"]
[White "Watzka, Horst"]
[Black "Zoebisch, Herbert"]
[Result "1/2-1/2"]
[WhiteElo "2370"]
[BlackElo "2260"]

1.e4 e5 2.Nf3 Nc6 3.Bb5 a6 4.Ba4 Nf6 5.O-O Be7 6.Re1 b5 7.Bb3 d6 8.c3 O-O
9.h3 Bb7 10.d4 Re8 11.Nbd2 Bf8 12.a3 h6 13.Bc2 Nb8 14.b4 Nbd7 15.Bb2 g6 16.a4 c6
17.Qb1 Bg7 18.Nb3 Rc8 19.Na5 Ba8 20.dxe5 dxe5 21.Nb3 c5 22.axb5 cxb4 23.cxb4 axb5
24.Bd3 Qb6 25.Bc1 Bf8 26.Bd2 Bc6 27.Ra5 Ra8 28.Rxa8 Bxa8 29.Na5 Rc8 30.Qb2 Qb8
31.Nh2 h5 32.Nf3 Bd6 33.Qa2 Nh7 34.Bc2 Rc7 35.Bb3 Ndf6 36.Qb1 Rc8 37.Nh4 Kg7
38.Qd3 Bf8 39.Qf3 Rd8 40.Re2  1/2-1/2

[Event "Berlin Tegel-B"]
[Site "Berlin"]
[Date "1999.??.??"]
[Round "9"]
[White "Giemsa, Stephan"]
[Black "Lorenz, Sascha"]
[Result "1/2-1/2"]
[WhiteElo "2295"]
[BlackElo "2270"]

1.Nf3 Nc6 2.e4 e5 3.Bb5 a6 4.Ba4 Nf6 5.O-O Be7 6.Re1 b5 7.Bb3 O-O 8.c3 d6
9.h3 Bb7 10.d4 Re8 11.Ng5 Rf8 12.Nf3 Re8  1/2-1/2

[Event "Budapest FS07 op"]
[Site "Budapest"]
[Date "1999.??.??"]
[Round "5"]
[White "Hudecz, Viktor"]
[Black "Revecz, Z."]
[Result "1-0"]
[WhiteElo "2150"]
[BlackElo "2025"]

1.e4 e5 2.Nf3 Nc6 3.Bb5 a6 4.Ba4 Nf6 5.O-O Be7 6.Re1 b5 7.Bb3 O-O 8.h3 d6
9.c3 Bb7 10.d4 Re8 11.Nbd2 Bf8 12.a4 exd4 13.cxd4 Nb4 14.Ng5 Re7 15.e5 Nfd5
16.Ndf3 dxe5 17.dxe5 h6 18.Ne4 Re6 19.Qe2 Qe8 20.Bd2 Qd7 21.axb5 axb5 22.Rxa8 Bxa8
23.Rc1 Na6 24.Nc3 Nxc3 25.Bxc3 Rg6 26.Bc2 Rb6 27.Ba5 Rb8 28.Rd1 Qc6 29.Bb3 Bc5
30.Bc3 Qe4 31.Qd2 b4 32.Bd4 Rd8 33.Ra1 Bxd4 34.Rxa6 Bb7 35.Ra1 c5 36.e6 fxe6
37.Re1 Qh7 38.Rxe6 Kh8 39.Qe2 Bxf3 40.Re8+ Qg8 41.Rxg8+ Rxg8 42.Qxf3 Rd8
43.Qe2 Ra8 44.g3 Rf8 45.Bc4 Rd8 46.b3 Rf8 47.Kg2 Rb8 48.Qe4 Rf8 49.f3 Rd8
50.Bd3 Kg8 51.Qh7+ Kf8 52.h4 Re8 53.Bc4 Ke7 54.Qe4+ Kf8 55.Qf5+ Ke7 56.Qe6+ Kd8
57.Qd6+  1-0

[Event "Cataluna-chT"]
[Site "ESP"]
[Date "1999.??.??"]
[Round "9"]
[White "Fernandez Cazorla, Antonio"]
[Black "Mundet Riera, J."]
[Result "1/2-1/2"]
[WhiteElo "2280"]
[BlackElo "2240"]

1.e4 e5 2.Nf3 Nc6 3.Bb5 a6 4.Ba4 Nf6 5.O-O Be7 6.Re1 b5 7.Bb3 d6 8.c3 O-O
9.h3 Bb7 10.d3 Na5 11.Bc2 c5 12.Nbd2 Qc7 13.Nf1 Rfe8 14.Ng3 Nc6 15.Nf5 h6
16.Nxe7+ Qxe7 17.Nh4 Bc8 18.Qf3 Kh8 19.Nf5 Bxf5 20.Qxf5 Qe6 21.Qxe6 Rxe6
22.a4 Ree8 23.Be3 Kg8 24.g4 Reb8 25.axb5 axb5 26.f4 exf4 27.Bxf4 Ne5 28.Kg2 Ne8
29.d4 Ng6 30.Bg3 Rc8 31.dxc5 dxc5 32.e5 Rxa1 33.Rxa1 Rd8 34.Rd1 Rxd1 35.Bxd1 Nf8
36.Bf3 Ne6 37.Bc6 N8c7 38.h4 Kf8 39.Kf3 Ke7 40.Bf2 Kd8 41.Be3 Ke7 42.Ke4 Kd8
43.b3 Ke7 44.Bd5 Na6 45.Bb7 Nac7 46.Bc8 c4 47.bxc4 bxc4 48.Bd2 Nc5+ 49.Kf3  1/2-1/2

[Event "NRW-Liga I 9899"]
[Site "GER"]
[Date "1999.??.??"]
[Round "6"]
[White "Senff, Martin"]
[Black "Hengelbrock, Joachim"]
[Result "1/2-1/2"]
[WhiteElo "2160"]
[BlackElo "2255"]

1.e4 e5 2.Nf3 Nc6 3.Bb5 a6 4.Ba4 Nf6 5.O-O Be7 6.Re1 b5 7.Bb3 d6 8.c3 O-O
9.h3 Bb7 10.d4 Re8 11.Nbd2 Bf8 12.a3 h6 13.Bc2 g6 14.d5 Ne7 15.b3 Nh5 16.c4 Nf4
17.Kh2 Qd7 18.Ng1 Bc8 19.Qf3 Bg7 20.Nf1 Rf8 21.Ng3 bxc4 22.bxc4 Qe8 23.Rb1 f5
24.exf5 Nxf5 25.Nxf5 Bxf5 26.Bxf5 Rxf5 27.Qe4 Nh5 28.Be3 Qf7 29.Ne2 Nf6 30.Qc2 Rh5
31.Ng3 Rh4 32.Kg1 Rf8 33.Re2 c6 34.Rb6 cxd5 35.cxd5 Nxd5 36.Rxd6 g5 37.Rd2 Nxe3
38.fxe3 Rc4 39.Qd3 e4 40.Qd5 Rc1+ 41.Kh2  1/2-1/2

[Event "HUN-chT9899"]
[Site "HUN"]
[Date "1999.??.??"]
[Round "?"]
[White "Horvath, Adam"]
[Black "Petran, Pal"]
[Result "1-0"]
[WhiteElo "2455"]
[BlackElo "2395"]

1.e4 e5 2.Nf3 Nc6 3.Bb5 a6 4.Ba4 Nf6 5.O-O Be7 6.Re1 b5 7.Bb3 d6 8.c3 O-O
9.h3 Bb7 10.d4 Re8 11.Nbd2 Bf8 12.Bc2 Nb8 13.b3 Nbd7 14.Bb2 g6 15.a4 Bh6
16.Bd3 c6 17.Nf1 Nh5 18.N1h2 Bg7 19.Qd2 Qb6 20.Ng4 Nf4 21.Bf1 h5 22.Ne3 Nf6
23.Nd1 Rad8 24.c4 Ne6 25.Bc3 Rd7 26.axb5 cxb5 27.Ba5 Qa7 28.cxb5 Nxe4 29.Qb4  1-0

[Event "POL-ch U20"]
[Site "Trzbinia"]
[Date "1999.??.??"]
[Round "?"]
[White "Blehm, Pawel"]
[Black "Pinski, Jan"]
[Result "1-0"]
[WhiteElo "2428"]
[BlackElo "2346"]

1.e4 e5 2.Nf3 Nc6 3.Bb5 a6 4.Ba4 Nf6 5.O-O Be7 6.Re1 b5 7.Bb3 d6 8.c3 O-O
9.h3 Bb7 10.d4 Qd7 11.Nbd2 Rad8 12.a3 Qc8 13.Bc2 Rfe8 14.Nf1 Nb8 15.Ng3 Nbd7
16.a4 Bf8 17.Qe2 c6 18.Be3 Qc7 19.Nd2 g6 20.axb5 axb5 21.dxe5 Nxe5 22.Bb3 Bg7
23.Nf3 Nxf3+ 24.Qxf3 Ra8 25.Rad1 c5 26.Bg5 Qe7 27.Bd5 Bxd5 28.Rxd5 Qe6 29.Bxf6 Bxf6
30.Qd3 Be5 31.Ne2 Rab8 32.b4 c4 33.Qd2 f5 34.Nd4 Bxd4 35.Rxd4 Rb6 36.Kf1 Kg7
37.Qf4 Qe5 38.Qd2 Qh2 39.f3 Qe5 40.Rd5 Qf6 41.exf5 Rxe1+ 42.Qxe1 gxf5 43.Kg1 Kf7
44.Qe3 Qe6 45.Qd4 h5 46.Kh2 h4 47.Qd2 Kg6 48.Rd4 Qe5+ 49.f4 Qe7 50.Rd5 Qe6
51.Rd4 Qe7 52.Qf2 Ra6 53.Rd1 Ra3 54.Qb6 Kh5 55.Qxb5 Qe6 56.Rd5 Rxc3 57.Rxf5+ Kg6
58.Rg5+ Kf6 59.Qb6  1-0

[Event "Wisla Hugart op (Women)"]
[Site "Warsaw"]
[Date "1999.??.??"]
[Round "?"]
[White "Skrochocka, Justyna"]
[Black "Foisor, Cristina Adela B"]
[Result "0-1"]
[WhiteElo "2034"]
[BlackElo "2370"]

1.e4 e5 2.Nf3 Nc6 3.Bb5 a6 4.Ba4 Nf6 5.O-O Be7 6.Re1 b5 7.Bb3 d6 8.c3 O-O
9.h3 Bb7 10.d4 Nd7 11.Nbd2 Bf6 12.Nf1 Na5 13.Bc2 Nc4 14.Ng3 Re8 15.a4 Nf8
16.b3 Nb6 17.axb5 axb5 18.Rxa8 Qxa8 19.d5 Nbd7 20.Be3 Qa3 21.Qd3 Qa6 22.Nf5 Ng6
23.g3 Ra8 24.Bd1 Nc5 25.Bxc5 dxc5 26.c4 b4 27.Nh2 Bc8 28.Ng4 Nf8 29.Nxf6+ Qxf6
30.Kg2 Bxf5 31.exf5 Nd7 32.Bf3 Ra3 33.Rd1 Qd6 34.Qe3 h6 35.Rd3 Qe7 36.Be4 Qg5
37.Qxg5 hxg5 38.d6 cxd6 39.Rxd6 Nf6 40.Bc2 Ra2 41.Bd1 Rxf2+ 42.Kxf2 Ne4+
43.Ke3 Nxd6 44.g4 Kf8 45.Bc2 Ke7 46.Kf3 Nb7 47.Ke4 Kd6 48.Ke3 Na5 49.Ke4 Nc6
50.Ke3 Ne7 51.Kf3 Kd7 52.Ke4 f6 53.Ke3 Ke8 54.Kf3 Kf7 55.Ke3 g6 56.Ke4 gxf5+
57.gxf5 Ke8 58.Ke3 Kd7 59.Be4 Nc8 60.Bc2 Nd6 61.Kf3 Nb7 62.Ke4 Kd6 63.Kf3 Na5
64.Ke3 Nc6 65.Ke4 Nd4 66.Bd1 Kc6 67.Ke3 Nxf5+ 68.Ke4 Nd4 69.Ke3 f5 70.Kd3 e4+
71.Ke3 Kd6 72.Kf2 Ke5 73.Ke3 f4+ 74.Kf2 e3+  0-1

[Event "3rd Open"]
[Site "Malaga ESP"]
[Date "2000.02.26"]
[Round "2"]
[White "Korneev,O"]
[Black "Cuesta Bustos,R"]
[Result "1-0"]
[WhiteElo "2619"]
[BlackElo "2218"]

1.e4 e5 2.Nf3 Nc6 3.Bb5 a6 4.Ba4 Nf6 5.O-O Be7 6.Re1 b5 7.Bb3 O-O 8.h3 d6
9.c3 Bb7 10.d4 Nd7 11.Be3 Bf6 12.Nbd2 Qe7 13.a3 a5 14.d5 Na7 15.a4 c5 16.axb5 Nxb5
17.Nc4 Ra6 18.Rxa5 Nc7 19.Rxa6 Nxa6 20.Ba4 Rb8 21.Na5 Nb6 22.Nxb7 Qxb7 23.Bc6 Qc8
24.Nd2 g6 25.Qg4 Qf8 26.Ra1 Nc7 27.Ra7 Bd8 28.b4 cxb4 29.cxb4 Nc8 30.Rb7 Rxb7
31.Bxb7 Ne7 32.Qd7  1-0

[Event "Oz.com qualifier blitz"]
[Site "Internet ICC"]
[Date "2000.03.05"]
[Round "3"]
[White "Fernandez,La"]
[Black "Mahia,G"]
[Result "1/2-1/2"]
[WhiteElo "2025"]
[BlackElo "2377"]

1.e4 e5 2.Nf3 Nc6 3.Bb5 a6 4.Ba4 Nf6 5.O-O Be7 6.Re1 b5 7.Bb3 O-O 8.c3 d6
9.h3 Bb7 10.d4 Re8 11.Ng5 Rf8 12.Nf3 Nd7 13.a4 Bf6 14.axb5 axb5 15.Rxa8 Bxa8
16.Be3 Re8 17.Nbd2 Na5 18.Bc2 exd4 19.Nxd4 Qb8 20.b4 Nc4 21.Nxc4 bxc4 22.Qg4 Ne5
23.Qg3 Nd3 24.Bxd3 cxd3 25.f3 Qd8 26.Rd1 c5 27.Nf5 cxb4 28.cxb4 d5 29.Rxd3 Qd7
30.Bc5 Qe6 31.Nd6 Rd8 32.exd5 Bxd5 33.Re3 Qd7 34.Qe1 Be6 35.Rd3 Be7 36.Qd2 Qc6
37.Ne4 Bxc5+ 38.bxc5 Rxd3 39.Qxd3 h6 40.Qd4 Bd5 41.Nc3 Be6 42.Qd8+ Kh7 43.Qd6 Bd7
44.Qxc6 Bxc6 45.Kf2 Kg6 46.Ke3 Kf6 47.Kd4 Ke6 48.Ne4 g5 49.Nd2 h5 50.Ne4 f6
51.Nd2 h4 52.Ne4 Bb7 53.Nd2 f5 54.Nf1 g4 55.fxg4 fxg4 56.hxg4 Bxg2 57.Nh2 Kf6
58.Ke3 Kg5 59.Nf3+ Kxg4 60.Nxh4 Kxh4  1/2-1/2

[Event "AB Puchko Mem"]
[Site "Alushta UKR"]
[Date "2000.03.22"]
[Round "4"]
[White "Salinnikov,D"]
[Black "Sulypa,A"]
[Result "0-1"]
[WhiteElo "2403"]
[BlackElo "2449"]

1.e4 e5 2.Nf3 Nc6 3.Bb5 a6 4.Ba4 Nf6 5.O-O Be7 6.Re1 b5 7.Bb3 d6 8.c3 O-O
9.h3 Bb7 10.d4 Re8 11.Nbd2 Bf8 12.a4 h6 13.Bc2 exd4 14.cxd4 Nb4 15.Bb1 c5
16.d5 Nd7 17.Ra3 f5 18.Nh2 Nf6 19.g4 fxe4 20.g5 hxg5 21.Nxe4 Nbxd5 22.Bxg5 Qd7
23.Rg3 Nxe4 24.Rxe4 Rxe4 25.Bxe4 Nc3 26.bxc3 Bxe4 27.Ng4 Qf5 28.Be7 Kh8 29.Qxd6 Bb7
30.f3 Re8 31.Bxf8 Qxf8 32.Ne5 Qf5 33.Ng6+ Kh7 34.Ne7 Qb1+ 35.Kg2 Qa2+ 36.Kf1 Qf7
37.Qd3+ Kh8 38.Nf5 Rf8 39.Nxg7 Bxf3 40.Kg1 Bc6 41.Qe2 Qd5 42.Qh5+ Qxh5 43.Nxh5 bxa4
44.c4 Rg8  0-1

[Event "21st Open A"]
[Site "Bled SLO"]
[Date "2000.03.26"]
[Round "2"]
[White "Zheliandinov,V"]
[Black "Rogic,D"]
[Result "1/2-1/2"]
[WhiteElo "2411"]
[BlackElo "2494"]

1.e4 e5 2.Nf3 Nc6 3.Bb5 a6 4.Ba4 Nf6 5.O-O Be7 6.Re1 b5 7.Bb3 O-O 8.c3 d6
9.h3 Bb7 10.d4 Re8 11.Nbd2 Bf8 12.d5 Nb8 13.Nf1 c6 14.dxc6 Bxc6 15.Ng3 g6
16.Bg5 Nbd7 17.Nh2 h6 18.Bxf6 Nxf6 19.Ng4 h5 20.Nxf6+ Qxf6 21.Re3 Ra7 22.Rf3 Qh4
23.Bd5 Rc8 24.a4 Bxd5 25.Qxd5 Rc5 26.Qd3 Qe7 27.b4 Rc4 28.Qd5 Qb7 29.axb5 axb5
30.Rxa7 Qxa7 31.Nf1 Qd7 32.Nd2 Rc7 33.Rd3 Qc8 34.Qxb5 Rxc3 35.Qd5 Rc1+ 36.Kh2 Bh6
37.Qxd6 Bf4+ 38.g3 Bxd2 39.Rxd2 Qc3 40.Kg2 Rb1 41.Qb8+ Kh7 42.Rd8 Qe1 43.Rh8+ Kg7  1/2-1/2

[Event "Japfa Classic"]
[Site "Bali INA"]
[Date "2000.04.25"]
[Round "4"]
[White "Milos,G"]
[Black "Zaw Win Lay"]
[Result "1-0"]
[WhiteElo "2620"]
[BlackElo "2633"]

1.e4 e5 2.Nf3 Nc6 3.Bb5 a6 4.Ba4 Nf6 5.O-O Be7 6.Re1 b5 7.Bb3 d6 8.c3 O-O
9.h3 Bb7 10.d4 Re8 11.Nbd2 Bf8 12.d5 Ne7 13.Nf1 Ng6 14.a4 c6 15.dxc6 Bxc6
16.Bg5 h6 17.Bxf6 Qxf6 18.Ne3 Nf4 19.Nd5 Bxd5 20.Bxd5 Rab8 21.axb5 axb5 22.Kh2 b4
23.c4 Be7 24.Ra6 Rec8 25.Qd2 Rc5 26.b3 Nxd5 27.exd5 Qf5 28.Nd4 exd4 29.Rxe7 Qf6
30.Re4 d3 31.Re3 Rcc8 32.Rxd3 Rxc4 33.bxc4 b3 34.Rxb3  1-0

[Event "3rd Open"]
[Site "Tanta City EGY"]
[Date "2000.05.06"]
[Round "4"]
[White "Berelovich,A"]
[Black "El Taher,F"]
[Result "1-0"]
[WhiteElo "2505"]
[BlackElo "2471"]

1.e4 e5 2.Nf3 Nc6 3.Bb5 a6 4.Ba4 Nf6 5.O-O Be7 6.Re1 b5 7.Bb3 d6 8.c3 O-O
9.h3 Bb7 10.d4 Re8 11.Ng5 Rf8 12.Nf3 Re8 13.a4 Bf8 14.axb5 axb5 15.Rxa8 Bxa8
16.d5 Na5 17.Ba2 c6 18.Bg5 Be7 19.Bxf6 Bxf6 20.Na3 Re7 21.Re2 Ra7 22.Rd2 Qb8
23.dxc6 Nxc6 24.Bd5 b4 25.Nc4 bxc3 26.bxc3 Ne7 27.Bxa8 Qxa8 28.Rxd6 Ra1 29.Rd8+ Qxd8
30.Qxa1 Ng6 31.Ne3 Be7 32.Qa7 Bd6 33.Nd5 h6 34.Qb6 Qf8 35.g3 Bc5 36.Qc6 Ba7
37.Kg2 Kh7 38.h4 Qa3 39.Qb5 Qa2 40.Qf1 Qc2 41.Qe1 f6 42.Nb4 Qb3 43.Qd2 Qe6
44.Qe2 Qb3 45.Nd5 Bc5 46.Ne1 Ne7 47.Qc2 Qc4 48.Qd3 Qa2 49.Nc2 Qb1 50.Nxe7 Bxe7
51.Nb4 Qb3 52.Nd5 Ba3 53.Qa6 Qc2 54.Qc4 Bf8 55.Ne3 Qb1 56.h5 Qb7 57.Nd5 Qb1
58.Nc7 Be7 59.Nd5 Bf8 60.Ne3 Qb7 61.Nf5 Qd7 62.Qd5 Qe8 63.Qd1 Qc6 64.Qd3 Qe8
65.Qf3 Bc5 66.Nh4 Qc6 67.Qd3 Ba7 68.Ng6 Qe8 69.f3 Bc5 70.Kh3 Qf7 71.Kg4 Bf8
72.Qd5 Qe8 73.Qb7 Kg8  1-0